[Event "IIFL Wealth 4th Mumbai GM"]
[Site "Mumbai"]
[Date "2018.12.30"]
[Round "1"]
[White "Khusenkhojaev, Muhammad"]
[Black "Surendran N"]
[Result "1-0"]
[WhiteElo "2455"]
[BlackElo "2176"]
[Annotator "ChessBase"]
[PlyCount "84"]
[EventDate "2018.12.30"]
[EventType "swiss"]
[EventCountry "IND"]
[SourceTitle "playchess.com"]
[Source "ChessBase"]
[SourceQuality "1"]
[TimeControl "40/5400+30:1800+30"]

1. d4 {[%emt 0:03:17]} Nf6 {[%emt 0:00:00]} 2. c4 {[%emt 0:00:12]} e6 {[%emt 0:00:00]} 3. g3 {[%emt 0:00:11]} d5 {[%emt 0:00:04]} 4. Nf3 {[%emt 0:00:17]} Be7 {[%emt 0:00:13]} 5. Bg2 {[%emt 0:00:10]} O-O {[%emt 0:00:06]} 6. O-O {[%emt 0:00:08]} dxc4 {[%emt 0:00:03]} 7. Ne5 {[%emt 0:00:17]} Nc6 {[%emt 0:00:40]} 8. Nxc6 {[%emt 0:00:13]} bxc6 {[%emt 0:00:05]} 9. Na3 {[%emt 0:00:08]} Bxa3 {[%emt 0:02:15]} 10. bxa3 {[%emt 0:00:09]} Ba6 {[%emt 0:04:36]} 11. Qd2 {[%emt 0:01:23]} Rb8 {[%emt 0:16:35]} 12. Qa5 {[%emt 0:00:12]} Rb6 {[%emt 0:00:04]} 13. a4 {[%emt 0:00:09]} Qc8 {[%emt 0:02:58]} 14. Ba3 {[%emt 0:01:52]} Rd8 {[%emt 0:02:11]} 15. Rfb1 {[%emt 0:00:42]} Qb7 {[%emt 0:09:03]} 16. Rd1 {[%emt 0:15:49]} Nd5 {[%emt 0:07:37]} 17. e4 {[%emt 0:27:05]} Nb4 {[%emt 0:02:22]} 18. Bxb4 {[%emt 0:02:10]} Rxb4 {[%emt 0:00:07]} 19. d5 {[%emt 0:00:05]} c3 {[%emt 0:39:12]} 20. dxe6 {[%emt 0:17:12]} Rxd1+ {[%emt 0:00:19]} 21. Rxd1 {[%emt 0:00:04]} Rb1 {[%emt 0:00:35]} 22. exf7+ {[%emt 0:03:23]} Kxf7 {[%emt 0:00:20]} 23. Qh5+ {[%emt 0:08:06]} Kf8 {[%emt 0:02:14]} 24. e5 {[%emt 0:06:02]} Rxd1+ {[%emt 0:09:21]} 25. Qxd1 {[%emt 0:00:04]} Bc4 {[%emt 0:00:50]} 26. Qd8+ {[%emt 0:05:44]} Kf7 {[%emt 0:00:02]} 27. Qd7+ {[%emt 0:00:21]} Kf8 {[%emt 0:00:07]} 28. Be4 {[%emt 0:00:56]} Qb4 {[%emt 0:00:58]} 29. Qd8+ {[%emt 0:02:57]} Kf7 {[%emt 0:00:02]} 30. Qxc7+ {[%emt 0:00:07]} Ke6 {[%emt 0:00:09]} 31. f4 {[%emt 0:01:12]} Qb6+ {[%emt 0:00:26]} 32. Qxb6 {[%emt 0:00:29]} axb6 {[%emt 0:00:01]} 33. Kf2 {[%emt 0:00:45]} Bd5 {[%emt 0:00:56]} 34. Bxh7 {[%emt 0:00:29]} Bxa2 {[%emt 0:01:37]} 35. Ke3 {[%emt 0:00:21]} Ke7 {[%emt 0:00:44]} 36. Be4 {[%emt 0:03:02]} Bd5 {[%emt 0:00:24]} 37. Bxd5 {[%emt 0:01:33]} cxd5 {[%emt 0:00:02]} 38. Kd3 {[%emt 0:00:10]} d4 {[%emt 0:00:06]} 39. f5 {[%emt 0:00:24]} Kd7 {[%emt 0:00:51]} 40. h4 {[%emt 0:00:00]} Kc6 {[%emt 0:00:00]} 41. h5 {[%emt 0:01:16]} Kc5 {[%emt 0:00:51]} 42. f6 {[%emt 0:00:30]} gxf6 {[%emt 0:01:16]} 1-0

[Event "IIFL Wealth 4th Mumbai GM"]
[Site "Mumbai"]
[Date "2018.12.30"]
[Round "1"]
[White "Shyaamnikhil P"]
[Black "Subrota, Biswas"]
[Result "1-0"]
[WhiteElo "2448"]
[BlackElo "2171"]
[Annotator "NA"]
[PlyCount "53"]
[EventDate "2018.12.30"]
[EventType "swiss"]
[EventCountry "IND"]
[SourceTitle "playchess.com"]
[Source "ChessBase"]
[SourceQuality "1"]
[TimeControl "40/5400+30:1800+30"]

1. e4 {[%emt 0:00:00]} c5 {[%emt 0:00:00]} 2. Nc3 {[%emt 0:01:55]} Nc6 {[%emt 0:00:00]} 3. Nge2 {[%emt 0:01:23]} e5 {[%emt 0:01:48]} 4. Nd5 {[%emt 0:00:24]} d6 {[%emt 0:00:49]} 5. Nec3 {[%emt 0:00:35]} Nf6 {[%emt 0:07:41]} 6. Bc4 {[%emt 0:01:03]} Be7 {[%emt 0:00:41]} 7. O-O {[%emt 0:02:30]} O-O {[%emt 0:01:07]} 8. d3 {[%emt 0:00:44]} Na5 {[%emt 0:06:09]} 9. Nxe7+ {[%emt 0:05:37]} Qxe7 {[%emt 0:00:05]} 10. Bg5 {[%emt 0:00:11]} Nxc4 {[%emt 0:23:29]} 11. dxc4 {[%emt 0:08:22]} Qe6 {[%emt 0:10:22]} 12. Qf3 {[%emt 0:03:49]} Ne8 {[%emt 0:02:29]} 13. Qd3 {[%emt 0:01:23]} Bd7 {[%emt 0:06:18]} 14. f4 {[%emt 0:03:12]} f6 {[%emt 0:01:47]} 15. f5 {[%emt 0:00:47]} Qf7 {[%emt 0:00:02]} 16. Bd2 {[%emt 0:00:56]} Bc6 {[%emt 0:02:07]} 17. Rf3 {[%emt 0:00:29]} Nc7 {[%emt 0:04:30]} 18. Rh3 {[%emt 0:03:06]} Rad8 {[%emt 0:06:36]} 19. b3 {[%emt 0:00:34]} g5 {[%emt 0:02:36]} 20. fxg6 {[%emt 0:07:09]} hxg6 {[%emt 0:00:02]} 21. Bh6 {[%emt 0:00:16]} Rfe8 {[%emt 0:04:18]} 22. Rf1 {[%emt 0:00:20]} b5 {[%emt 0:04:50]} 23. cxb5 {[%emt 0:01:28]} Bb7 {[%emt 0:00:02]} 24. Qg3 {[%emt 0:04:22]} Bc8 {[%emt 0:05:28]} 25. Rh4 {[%emt 0:01:02]} f5 {[%emt 0:02:47]} 26. exf5 {[%emt 0:00:42]} Bxf5 {[%emt 0:00:04]} 27. Rh5 {[%emt 0:01:09]} 1-0

[Event "IIFL Wealth 4th Mumbai GM"]
[Site "Mumbai"]
[Date "2018.12.30"]
[Round "1"]
[White "Akash G"]
[Black "Deshpande, Aniruddha"]
[Result "0-1"]
[WhiteElo "2443"]
[BlackElo "2167"]
[Annotator "TA"]
[PlyCount "167"]
[EventDate "2018.12.30"]
[EventType "swiss"]
[EventCountry "IND"]
[SourceTitle "playchess.com"]
[Source "ChessBase"]
[SourceQuality "1"]

{[%evp 27,167,18,26,0,0,0,19,24,45,31,63,64,104,90,157,53,59,57,80,11,99,57,51,60,60,70,139,128,125,51,56,0,0,-22,9,8,0,5,10,0,0,0,0,0,33,46,50,42,60,0,0,-40,0,0,0,-96,-16,-120,-116,-120,-120,-125,-122,-122,-116,-122,-122,-120,-120,-120,-120,-123,-112,-120,-118,-118,-97,-128,-128,-129,-125,-135,-135,-135,-135,-135,-135,-135,-135,-149,-53,-42,-58,-72,-8,-661,-718,-710,-708,-882,-875,-707,-741,-741,-687,-621,-603,-576,-91,-786,-496,-692,-87,-99,-91,-99,-83,-83,-83,-83,-83,-83,-89,-125,-108,-584,0,-496,-502,-5631,-2996,-29973,-29974,-29976,-29977,-29976,-29977,-29976,-29978,-29981,-29982,-29991]} 1. e4 c5 2. Nf3 Nc6 3. Nc3 g6 4. d4 cxd4 5. Nxd4 Bg7 6. Nb3 Nf6 7. Be2 O-O 8. O-O d6 9. Bg5 Be6 10. f4 Rc8 11. Kh1 a6 12. Bf3 {B70: Sicilian Dragon: 6 g3 and 6 Be2 (without a later Be3)} Qc7 (12... Bc4 13. Rf2 b5 14. Rd2 Qc7 15. Nd5 Bxd5 16. exd5 Na5 17. c3 Nxb3 18. Qxb3 Qd7 19. a4 Rc4 20. axb5 axb5 {0-1 (44) Danin,A (2606)-Chabanon,J (2479) Cappelle-la-Grande 2014}) 13. Nd5 Bxd5 14. exd5 Na5 {LiveBook: 3 Games} 15. c3 $146 ({Predecessor:} 15. Nxa5 Qxa5 16. c3 b5 17. Qe2 Rc7 18. g4 Rfc8 19. a3 Qa4 20. f5 Qc4 21. Rae1 Qb3 22. Qg2 a5 23. Bxf6 {½-½ (23) Brenjo,S (2490)-Zivkovic,I (2308) Zlatibor 2008}) 15... Nc4 16. Rf2 h6 17. Bh4 Nb6 18. Re2 Rfe8 19. Bf2 Nc4 20. Qd3 Na5 (20... Nb6 $142) 21. Nd2 (21. Nd4 $1 $16) 21... Nc4 $14 22. Nf1 b5 23. a4 (23. Rae1 $16) 23... Ra8 (23... Nd7 $11) 24. b3 Na5 25. axb5 {b6 is the strong threat.} Nxb3 26. b6 (26. Rxa6 Nc1 $17) 26... Nc5 ({Black should play} 26... Qc8 $14) 27. Qb1 $16 (27. bxc7 $6 Nxd3 28. Bb6 Nd7 $11) 27... Qd7 28. Rea2 (28. Bxc5 $16 dxc5 29. Ne3) 28... Rab8 $1 $14 29. Bxc5 (29. Rb2 $14) 29... dxc5 $11 30. Ne3 Qd6 31. Rxa6 Qxf4 32. Qd3 Nd7 33. Nc4 Ne5 34. Nxe5 Bxe5 $40 {[%csl Ge5][%cal Rf4h2][%mdl 128] Black has some attack.} 35. g3 Qf6 36. b7 Bd6 37. Rb1 {And now c4 would win.} h5 38. Ra4 (38. Qe3 $1 $14) 38... Red8 {[%cal Be8d8,Bd8d7,Bd7b7][%mdl 32]} 39. Kg2 Kg7 40. Qe3 Rd7 41. Rf1 (41. Ra7 $11 {keeps the balance.}) 41... Qf5 $1 $17 {[%cal Rf5c2]} ({But not} 41... Rdxb7 $6 42. Be2 $11) 42. Be2 ({Don't play} 42. Be4 Qe5 $17) (42. Re4 $1 $11 {remains equal.} Rdxb7 43. Be2) 42... Qc2 ({Reject} 42... Qxd5+ $6 43. Bf3 $11) 43. Re4 Rdxb7 44. Rf2 Rb2 45. Qf3 Rf8 46. Bf1 Qxf2+ 47. Qxf2 Rxf2+ 48. Kxf2 {[%mdl 4096] Endgame KRB-KRB} Rb8 49. Be2 Rb3 50. c4 f6 51. Re3 Rb2 52. h3 Be5 {Hoping for ...Bd4.} 53. Ra3 Rc2 54. g4 hxg4 55. hxg4 Kh6 56. Ra7 Bd6 $1 57. Ra3 Kg5 58. Re3 Rxe2+ (58... Kf4 $17 59. Rf3+ Ke4 60. Re3+ Kd4) 59. Rxe2 Kxg4 {KR-KB} 60. Re4+ Kf5 ({Better is} 60... Kh5 $1 $17) 61. Kf3 $2 {[%mdl 8192]} (61. Ke3 $11) 61... g5 $19 {[%cal Bg6g5,Bg5g4][%mdl 32]} 62. Rg4 Kg6 $1 63. Re4 {[#]} f5 $1 {[%cal Rf5e4]} 64. Re1 g4+ 65. Ke3 Kg5 66. Rh1 Bf4+ 67. Kf2 Kf6 $2 (67... Bc7 $19 {has better winning chances.} 68. Kg1 Bd6) 68. Ra1 $2 {[%mdl 8192]} (68. Rh8 $17) 68... Be5 69. Ra8 {[#]} f4 $2 (69... Kg5 $1 $19 {is more deadly.} 70. Rg8+ Kf4) 70. Rf8+ $17 Kg5 71. Ke2 Kh4 72. Rf7 Bd6 73. Kf2 Kg5 74. Ke2 Kg6 75. Rf8 Be5 76. Kd3 $2 {[%mdl 8192]} (76. Ke1 $17) 76... Kg5 $2 (76... f3 $19 77. Ke4 Bg7) 77. Ke4 $2 {[%mdl 8192]} (77. Ke2 $1 $11 {and White stays safe.}) 77... Bd6 78. Rg8+ (78. Rh8 $142 f3 79. Rh7) 78... Kh4 $19 79. Kf5 f3 {[%cal Bf4f3,Bf3f2][%mdl 32] Black mates.} 80. Rxg4+ Kh3 81. Rg1 f2 82. Rb1 Kg2 83. Rb2 Kg1 84. Ke4 {Accuracy: White = 36%, Black = 51%.} 0-1

[Event "IIFL Wealth 4th Mumbai GM"]
[Site "Mumbai"]
[Date "2018.12.30"]
[Round "1"]
[White "Mohammad Nubairshah Shaikh"]
[Black "Nikhil Magizhnan"]
[Result "1-0"]
[WhiteElo "2437"]
[BlackElo "2148"]
[Annotator "TA"]
[PlyCount "85"]
[EventDate "2018.12.30"]
[EventType "swiss"]
[EventCountry "IND"]
[SourceTitle "playchess.com"]
[Source "ChessBase"]
[SourceQuality "1"]

{[%evp 19,85,-21,-16,-21,-3,-10,-9,-9,-15,-4,-11,-14,0,-8,8,14,7,1,19,0,22,21,42,24,32,27,121,11,26,0,12,0,0,0,0,0,0,0,50,50,50,50,50,39,64,81,70,54,79,76,116,103,117,94,113,96,114,56,161,133,189,155,308,308,306,309,457,463]} 1. Nf3 Nf6 2. g3 d5 3. Bg2 c5 4. O-O Nc6 5. d3 Bg4 6. h3 Bh5 7. Nbd2 {A08: King's Indian Attack} e5 8. e4 d4 9. a4 Nd7 10. Nc4 Be7 {LiveBook: 4 Games} 11. Bd2 (11. Qe1 O-O 12. Nh2 b6 13. h4 f6 14. Bh3 Bf7 15. f4 {0-1 (55) Yuffa,D (2527)-Inarkiev,E (2694) Sochi 2017}) 11... Nb6 $146 (11... O-O {is interesting.} 12. c3 Nb6 13. Na3 a5 14. g4 Bg6) ({Predecessor:} 11... O-O 12. Qe1 Kh8 13. Nh2 b6 14. f4 exf4 15. Bxf4 Re8 16. Qf2 {0-1 (35) Frois,A (2349)-Brajic,M (2525) Cappelle-la-Grande 2005}) 12. Na5 Nxa5 13. Bxa5 {Strongly threatening g4.} Qd6 14. Qe1 Nd7 15. Nd2 b6 16. Nc4 Qc6 17. Bd2 $1 $36 {[%mdl 2048] White fights for an advantage.} f6 18. f4 Bf7 19. b3 Qc7 20. Qe2 Be6 21. Qh5+ Bf7 22. Qg4 h5 (22... O-O $11) 23. Qe2 ({Only move:} 23. Qxg7 $16 Rg8 24. Qh7) 23... Be6 $11 24. Kh1 a5 25. Rf2 O-O-O 26. Rg1 h4 27. g4 Bxc4 28. bxc4 Bd6 {[%cal Re5f4]} 29. f5 Qc6 30. Ra1 Be7 31. Bf3 {[%cal Bg2f3,Bf3h5,Bh5f7,Bf7e6][%mdl 32]} Nf8 32. g5 fxg5 33. Rg2 Nh7 34. Bh5 {[%mdl 1024] White has strong compensation.} Qd7 35. Bf7 Kc7 36. Be6 Qd6 37. Rb1 Rb8 38. Qh5 (38. c3 $16) 38... Qd8 (38... g6 $14 39. Qe2 (39. Qxg6 Nf8 $11) (39. fxg6 $2 Nf6 $19) 39... Nf8) 39. Rb5 Bf6 (39... Nf6 $16 {was necessary.} 40. Qxg5 Nh5) 40. Bd5 Kd6 $2 {[#]} (40... Qd6 $16 41. c3 Qf8) 41. Rg1 $18 ({Not} 41. Qf7 Qd7 $16) 41... Qe8 42. Bf7 Qe7 (42... Qf8 $142 43. Rgb1 Bd8) 43. Bg6 {Accuracy: White = 64%, Black = 39%.} 1-0

[Event "IIFL Wealth 4th Mumbai GM"]
[Site "Mumbai"]
[Date "2018.12.30"]
[Round "1"]
[White "Czebe, Attila"]
[Black "Vantika Agrawal"]
[Result "1/2-1/2"]
[WhiteElo "2417"]
[BlackElo "2143"]
[Annotator "NA"]
[PlyCount "100"]
[EventDate "2018.12.30"]
[EventType "swiss"]
[EventCountry "IND"]
[SourceTitle "playchess.com"]
[Source "ChessBase"]
[SourceQuality "1"]
[TimeControl "40/5400+30:1800+30"]

1. Nf3 {[%emt 0:00:00]} Nf6 {[%emt 0:00:24]} 2. g3 {[%emt 0:00:00]} g6 {[%emt 0:00:07]} 3. b3 {[%emt 0:01:08]} Bg7 {[%emt 0:02:00]} 4. Bb2 {[%emt 0:00:04]} O-O {[%emt 0:00:19]} 5. Bg2 {[%emt 0:00:03]} d6 {[%emt 0:06:22]} 6. d4 {[%emt 0:04:03]} a5 {[%emt 0:02:39]} 7. O-O {[%emt 0:01:58]} a4 {[%emt 0:05:01]} 8. Nc3 {[%emt 0:03:46]} axb3 {[%emt 0:37:43]} 9. axb3 {[%emt 0:01:26]} Rxa1 {[%emt 0:05:58]} 10. Qxa1 {[%emt 0:00:16]} Na6 {[%emt 0:06:11]} 11. e4 {[%emt 0:00:50]} c6 {[%emt 0:01:53]} 12. Ne1 {[%emt 0:02:07]} h5 {[%emt 0:14:20]} 13. h3 {[%emt 0:02:30]} Nd7 {[%emt 0:11:17]} 14. Ne2 {[%emt 0:01:20]} e5 {[%emt 0:01:01]} 15. Nd3 {[%emt 0:01:13]} Re8 {[%emt 0:00:55]} 16. Rd1 {[%emt 0:06:20]} Qc7 {[%emt 0:00:48]} 17. Ne1 {[%emt 0:00:20]} Nf8 {[%emt 0:00:52]} 18. Nf3 {[%emt 0:00:56]} Nb4 {[%emt 0:00:36]} 19. Qb1 {[%emt 0:11:06]} Ne6 {[%emt 0:00:26]} 20. c3 {[%emt 0:03:52]} Na6 {[%emt 0:00:11]} 21. Qc2 {[%emt 0:00:28]} Bd7 {[%emt 0:00:40]} 22. Kh2 {[%emt 0:10:17]} Nf8 {[%emt 0:00:43]} 23. c4 {[%emt 0:03:56]} c5 {[%emt 0:00:29]} 24. dxe5 {[%emt 0:00:08]} dxe5 {[%emt 0:00:18]} 25. Nc3 {[%emt 0:00:11]} Nb4 {[%emt 0:00:31]} 26. Nd5 {[%emt 0:01:52]} Nxc2 {[%emt 0:00:35]} 27. Nxc7 {[%emt 0:00:06]} Rc8 {[%emt 0:00:14]} 28. Nd5 {[%emt 0:00:06]} Re8 {[%emt 0:00:41]} 29. Bxe5 {[%emt 0:00:42]} Rxe5 {[%emt 0:00:43]} 30. Nxe5 {[%emt 0:00:07]} Bxe5 {[%emt 0:00:07]} 31. f4 {[%emt 0:00:07]} Bd4 {[%emt 0:00:45]} 32. e5 {[%emt 0:00:02]} Kg7 {[%emt 0:00:30]} 33. Be4 {[%emt 0:02:16]} Na1 {[%emt 0:00:39]} 34. b4 {[%emt 0:02:46]} Ba4 {[%emt 0:00:22]} 35. Rb1 {[%emt 0:00:12]} Ne6 {[%emt 0:00:32]} 36. Nf6 {[%emt 0:04:26]} Nb3 {[%emt 0:00:35]} 37. bxc5 {[%emt 0:04:44]} Nexc5 {[%emt 0:00:19]} 38. Rd1 {[%emt 0:00:21]} Nxe4 {[%emt 0:00:35]} 39. Nxe4 {[%emt 0:00:05]} Bc6 {[%emt 0:00:20]} 40. Nf6 {[%emt 0:00:00]} Bb6 {[%emt 0:00:00]} 41. Rb1 {[%emt 0:03:25]} Ba4 {[%emt 0:06:58]} 42. Ne8+ {[%emt 0:00:11]} Kf8 {[%emt 0:03:07]} 43. Nd6 {[%emt 0:00:16]} Be3 {[%emt 0:05:08]} 44. f5 {[%emt 0:14:08]} b6 {[%emt 0:08:03]} 45. fxg6 {[%emt 0:01:49]} Nd2 {[%emt 0:07:08]} 46. Ra1 {[%emt 0:00:12]} Bc6 {[%emt 0:00:14]} 47. gxf7 {[%emt 0:02:13]} Nf3+ {[%emt 0:00:17]} 48. Kg2 {[%emt 0:00:02]} Nd2+ {[%emt 0:02:46]} 49. Kh2 {[%emt 0:00:01]} Nf3+ {[%emt 0:00:23]} 50. Kg2 {[%emt 0:00:01]} Nd2+ {[%emt 0:02:15]} 1/2-1/2

[Event "IIFL Wealth 4th Mumbai GM"]
[Site "Mumbai"]
[Date "2018.12.30"]
[Round "1"]
[White "Sardana, Rishi"]
[Black "Gandhi, Anish"]
[Result "1-0"]
[WhiteElo "2398"]
[BlackElo "2134"]
[Annotator "NA"]
[PlyCount "81"]
[EventDate "2018.12.30"]
[EventType "swiss"]
[EventCountry "IND"]
[SourceTitle "playchess.com"]
[Source "ChessBase"]
[SourceQuality "1"]
[TimeControl "40/5400+30:1800+30"]

1. e4 {[%emt 0:00:00]} c5 {[%emt 0:00:00]} 2. Nf3 {[%emt 0:00:00]} d6 {[%emt 0:00:00]} 3. d4 {[%emt 0:00:00]} cxd4 {[%emt 0:00:00]} 4. Nxd4 {[%emt 0:00:00]} Nf6 {[%emt 0:00:02]} 5. Nc3 {[%emt 0:00:00]} a6 {[%emt 0:00:05]} 6. h3 {[%emt 0:00:14]} e5 {[%emt 0:00:11]} 7. Nde2 {[%emt 0:00:07]} h5 {[%emt 0:00:32]} 8. g3 {[%emt 0:00:19]} Be6 {[%emt 0:01:43]} 9. Bg2 {[%emt 0:00:11]} Nbd7 {[%emt 0:00:18]} 10. a4 {[%emt 0:00:57]} Rc8 {[%emt 0:03:00]} 11. O-O {[%emt 0:00:09]} Be7 {[%emt 0:08:39]} 12. b3 {[%emt 0:02:55]} h4 {[%emt 0:04:03]} 13. g4 {[%emt 0:04:15]} Nh7 {[%emt 0:06:24]} 14. Be3 {[%emt 0:03:50]} Nb8 {[%emt 0:01:52]} 15. a5 {[%emt 0:00:54]} Nc6 {[%emt 0:01:35]} 16. Na4 {[%emt 0:03:15]} Bg5 {[%emt 0:07:26]} 17. Bb6 {[%emt 0:02:07]} Qd7 {[%emt 0:02:10]} 18. c4 {[%emt 0:02:00]} Nf6 {[%emt 0:06:32]} 19. Qd3 {[%emt 0:05:32]} Nxg4 {[%emt 0:08:54]} 20. hxg4 {[%emt 0:00:54]} Bxg4 {[%emt 0:04:39]} 21. Bf3 {[%emt 0:09:32]} Nb4 {[%emt 0:14:33]} 22. Qc3 {[%emt 0:00:13]} Rh6 {[%emt 0:04:47]} 23. Kh2 {[%emt 0:05:17]} Rf6 {[%emt 0:02:07]} 24. Bxg4 {[%emt 0:05:20]} Qxg4 {[%emt 0:00:07]} 25. Qh3 {[%emt 0:10:53]} Bf4+ {[%emt 0:04:51]} 26. Nxf4 {[%emt 0:00:40]} Qxf4+ {[%emt 0:00:13]} 27. Kh1 {[%emt 0:00:39]} Qxe4+ {[%emt 0:01:55]} 28. f3 {[%emt 0:00:25]} Qc6 {[%emt 0:00:15]} 29. Nc3 {[%emt 0:00:34]} Qd7 {[%emt 0:02:43]} 30. Qxd7+ {[%emt 0:00:57]} Kxd7 {[%emt 0:00:06]} 31. Rad1 {[%emt 0:01:37]} Kc6 {[%emt 0:01:24]} 32. Rd2 {[%emt 0:10:03]} Re8 {[%emt 0:02:12]} 33. Rfd1 {[%emt 0:01:36]} Rg6 {[%emt 0:02:14]} 34. Ra1 {[%emt 0:10:17]} Kd7 {[%emt 0:09:21]} 35. Bc5 {[%emt 0:00:17]} Nc6 {[%emt 0:00:16]} 36. Ne4 {[%emt 0:00:22]} Ree6 {[%emt 0:01:01]} 37. Rad1 {[%emt 0:01:54]} Nxa5 {[%emt 0:00:29]} 38. Bxd6 {[%emt 0:00:29]} Kc6 {[%emt 0:00:22]} 39. Bb8 {[%emt 0:08:13]} Nxb3 {[%emt 0:00:27]} 40. Rd7 {[%emt 0:00:00]} Re8 {[%emt 0:00:00]} 41. R7d6+ {[%emt 0:00:58] Kd5} 1-0

[Event "IIFL Wealth 4th Mumbai GM"]
[Site "Mumbai"]
[Date "2018.12.30"]
[Round "1"]
[White "Mohammad Fahad, Rahman"]
[Black "Vatsal Singhania"]
[Result "1-0"]
[WhiteElo "2381"]
[BlackElo "2130"]
[Annotator "NA"]
[PlyCount "48"]
[EventDate "2018.12.30"]
[EventType "swiss"]
[EventCountry "IND"]
[SourceTitle "playchess.com"]
[Source "ChessBase"]
[SourceQuality "1"]
[TimeControl "40/5400+30:1800+30"]

1. e4 {[%emt 0:00:00]} c5 {[%emt 0:00:00]} 2. Nf3 {[%emt 0:00:00]} d6 {[%emt 0:00:00]} 3. d4 {[%emt 0:00:00]} cxd4 {[%emt 0:00:00]} 4. Nxd4 {[%emt 0:00:00]} Nf6 {[%emt 0:00:05]} 5. Nc3 {[%emt 0:00:08]} Nc6 {[%emt 0:00:29]} 6. Bg5 {[%emt 0:02:02]} e6 {[%emt 0:00:07]} 7. Qd2 {[%emt 0:00:16]} a6 {[%emt 0:00:06]} 8. O-O-O {[%emt 0:01:19]} Bd7 {[%emt 0:00:06]} 9. f4 {[%emt 0:00:56]} h6 {[%emt 0:00:07]} 10. Bxf6 {[%emt 0:01:26]} Qxf6 {[%emt 0:00:07]} 11. Nf3 {[%emt 0:06:06]} Qd8 {[%emt 0:00:59]} 12. g4 {[%emt 0:02:53]} b5 {[%emt 0:01:33]} 13. f5 {[%emt 0:04:48]} Be7 {[%emt 0:06:03]} 14. Kb1 {[%emt 0:01:20]} b4 {[%emt 0:03:39]} 15. Ne2 {[%emt 0:04:08]} Ne5 {[%emt 0:06:29]} 16. Ned4 {[%emt 0:16:30]} a5 {[%emt 0:15:09]} 17. fxe6 {[%emt 0:02:26]} fxe6 {[%emt 0:00:09]} 18. Nxe5 {[%emt 0:00:17]} dxe5 {[%emt 0:00:20]} 19. Nxe6 {[%emt 0:00:20]} Bxe6 {[%emt 0:01:29]} 20. Bb5+ {[%emt 0:00:11]} Kf7 {[%emt 0:00:16]} 21. Qf2+ {[%emt 0:00:10]} Bf6 {[%emt 0:00:04]} 22. Rxd8 {[%emt 0:00:07]} Rf8 23. Rxa8 {[%emt 0:03:59]} Rxa8 {[%emt 0:00:42]} 24. Qe2 {[%emt 0:10:03]} Rd8 {[%emt 0:01:17]} 1-0

[Event "IIFL Wealth 4th Mumbai GM"]
[Site "Mumbai"]
[Date "2018.12.30"]
[Round "1"]
[White "Raghunandan, Kaumandur Srihari"]
[Black "Saksham Rautela"]
[Result "1/2-1/2"]
[WhiteElo "2378"]
[BlackElo "2123"]
[Annotator "NA"]
[PlyCount "127"]
[EventDate "2018.12.30"]
[EventType "swiss"]
[EventCountry "IND"]
[SourceTitle "playchess.com"]
[Source "ChessBase"]
[SourceQuality "1"]
[TimeControl "40/5400+30:1800+30"]

1. d4 Nf6 2. c4 c5 3. d5 e6 4. Nc3 exd5 5. cxd5 d6 6. Nf3 g6 7. Bf4 Bg7 8. Qa4+ Bd7 9. Qb3 b5 10. Bxd6 Qb6 11. Be5 O-O 12. e3 c4 13. Qd1 b4 14. Nb1 Bb5 15. a3 Nbd7 16. Bd4 Qa5 17. Qd2 c3 18. bxc3 Ne4 19. Qc2 Nxc3 20. Bxb5 Bxd4 21. Nxd4 Nxb5 22. Nb3 Qa4 23. axb4 Qxb4+ 24. N1d2 Nf6 25. Qc6 Ne4 26. Qc4 Qxc4 27. Nxc4 Nec3 28. d6 Rac8 29. Nba5 Rfd8 30. f3 Nxd6 31. Ne5 Re8 32. Nac6 Nc4 33. Nxa7 Nxe5 34. Nxc8 Rxc8 35. e4 Nb5 36. O-O Nd4 37. Ra2 Kg7 38. Rd1 Nec6 39. Rad2 Ne6 40. Rc2 Rd8 41. Rd5 Nb4 42. Rxd8 Nxc2 43. Rd7 Ncd4 44. Kf2 g5 45. Ke3 Nc6 46. Rd1 Ne5 47. Rc1 Kg6 48. Rc8 Kg7 49. g3 Ng6 50. Rc1 Kf6 51. Rb1 h5 52. Rb5 h4 53. Rf5+ Ke7 54. Kd3 hxg3 55. hxg3 Kd6 56. Ke3 Ke7 57. Kf2 Ke8 58. Kg2 Ke7 59. Ra5 Kf6 60. Ra6 Kg7 61. Ra5 Kf6 62. Rf5+ Ke7 63. Kf2 Ke8 64. Ke3 1/2-1/2

[Event "IIFL Wealth 4th Mumbai GM"]
[Site "Mumbai"]
[Date "2018.12.30"]
[Round "1"]
[White "Rathnakaran, K.."]
[Black "Mahindrakar Indrajeet"]
[Result "1-0"]
[WhiteElo "2366"]
[BlackElo "2106"]
[Annotator "NA"]
[PlyCount "61"]
[EventDate "2018.12.30"]
[EventType "swiss"]
[EventCountry "IND"]
[SourceTitle "playchess.com"]
[Source "ChessBase"]
[SourceQuality "1"]
[TimeControl "40/5400+30:1800+30"]

1. e4 {[%emt 0:00:00]} Nf6 {[%emt 0:00:00]} 2. e5 {[%emt 0:00:00]} Nd5 {[%emt 0:00:09]} 3. d4 {[%emt 0:00:00]} d6 {[%emt 0:00:06]} 4. Nf3 {[%emt 0:00:00]} dxe5 {[%emt 0:02:06]} 5. dxe5 {[%emt 0:00:06]} Bg4 {[%emt 0:05:45]} 6. h3 {[%emt 0:00:54]} Bxf3 {[%emt 0:04:06]} 7. gxf3 {[%emt 0:00:18]} e6 {[%emt 0:02:23]} 8. c3 Qh4 {[%emt 0:08:13]} 9. Rg1 {[%emt 0:01:46]} Bc5 {[%emt 0:07:17]} 10. Qc2 {[%emt 0:01:01]} Nc6 {[%emt 0:06:15]} 11. Rg4 {[%emt 0:06:01]} Qh5 {[%emt 0:08:00]} 12. f4 {[%emt 0:02:52]} O-O-O {[%emt 0:03:53]} 13. Nd2 {[%emt 0:09:34]} f5 {[%emt 0:07:13]} 14. exf6 {[%emt 0:06:32]} gxf6 {[%emt 0:02:42]} 15. b4 {[%emt 0:00:06]} Bxb4 {[%emt 0:24:06]} 16. cxb4 {[%emt 0:09:54]} Nd4 {[%emt 0:00:43]} 17. Qc5 {[%emt 0:03:55]} e5 {[%emt 0:07:50]} 18. Bb2 {[%emt 0:05:35]} f5 {[%emt 0:02:03]} 19. Rg5 {[%emt 0:11:43]} Qh4 {[%emt 0:04:09]} 20. Bxd4 {[%emt 0:08:29]} exd4 {[%emt 0:00:17]} 21. O-O-O {[%emt 0:03:10]} Qxf4 {[%emt 0:00:23]} 22. Rg3 {[%emt 0:00:39]} Nc3 {[%emt 0:01:27]} 23. Qxa7 {[%emt 0:02:18]} Qe5 {[%emt 0:01:46]} 24. Rxc3 {[%emt 0:02:13]} dxc3 {[%emt 0:00:13]} 25. Qa8+ {[%emt 0:00:05]} Kd7 {[%emt 0:00:03]} 26. Nf3+ {[%emt 0:00:11]} Ke7 {[%emt 0:00:35]} 27. Qxd8+ {[%emt 0:00:08]} Rxd8 {[%emt 0:00:22]} 28. Nxe5 {[%emt 0:00:06]} Ra8 {[%emt 0:00:23]} 29. Bc4 {[%emt 0:00:13]} Kf6 {[%emt 0:00:44]} 30. f4 {[%emt 0:00:08]} b5 {[%emt 0:00:39]} 31. Bb3 {[%emt 0:00:05]} 1-0